Spatial information theory : a theoretical basis for GIS : international conference COSIT '97, Laurel Highlands, Pennsylvania, USA, October 15-18, 1997: proceedings

Αποθηκεύτηκε σε:
Λεπτομέρειες βιβλιογραφικής εγγραφής
Συγγραφή απο Οργανισμό/Αρχή: COSIT'97 Laurel Highlands, Pa.
Άλλοι συγγραφείς: Hirtle, Stephen C. (Επιμελητής έκδοσης), Frank, Andrew U. (Επιμελητής έκδοσης)
Μορφή: Πρακτικό Συνεδρίου Βιβλίο
Γλώσσα:English
Δημοσίευση: Berlin : Springer, c1997
Σειρά:Lecture notes in computer science ; ; 1329
Θέματα:
Ετικέτες: Προσθήκη ετικέτας
Δεν υπάρχουν, Καταχωρήστε ετικέτα πρώτοι!

MARC

LEADER 00000nam a2200000 i 4500
001 1/41490
008 031007s1997 eng d
020 |a 3-540-63623-4 
035 |l 10070998 
040 |a GR-MY-UA  |b gre  |e aacr 
041 0 |a eng 
082 0 |a 910.285  |2 (21) 
111 2 |a COSIT'97  |d (1997:  |c Laurel Highlands, Pa.) 
245 1 0 |a Spatial information theory :  |b a theoretical basis for GIS : international conference COSIT '97, Laurel Highlands, Pennsylvania, USA, October 15-18, 1997: proceedings /  |c Stephen C. Hirtle, Andrew U. Frank (eds.) 
260 |a Berlin :   |b Springer,   |c c1997 
300 |a xiv, 510 σ.;  |b εικ.;  |c 24 εκ. 
490 1 |a Lecture notes in computer science  |v ; 1329 
490 1 |a Lecture Notes in Computer Science 
504 |a Περιέχει βιβλιογραφία και ερετήριο 
650 0 0 |a Geographic information systems  |v Congresses. 
700 1 |a Hirtle, Stephen C.  |4 edt 
700 1 |a Frank, Andrew U.  |4 edt 
830 0 |a Lecture notes in computer science ;  |v ; 1329 
852 |a INST  |b LESVOS  |e 20031007  |h 910.285 COS  |p 005100029546  |q 005100029546  |t BK  |y 0 
901 |a BIBL1-2004-1 
909 |a Λ  |b 106225 
922 |a 1ΕΛΗ  |b 200309  |c ΕΠΕΑΕΚ2/ΤΓ  |d ΜΙΧΑΛΟΠΟΥΛΟΣ 
950 |a 118-2003-06-09 
970 |a ΤΖΑΦΕΡΗ  |b ΕΥΑΓΓΕΛΙΑ  |z 2004/01/14